Ballon D´or but a person can only win it once - Statistics

General Stats
  • This quiz has been taken 17 times
  • The average score is 48 of 69
Answer Stats
Real Winner Answer % Correct
Cristiano Ronaldo Cristiano Ronaldo
94%
Fabio Cannavaro Fabio Cannavaro
94%
Kaká Kaka
94%
Lionel Messi Lionel Messi
94%
Lionel Messi Andres Iniesta
88%
Karim Benzema Karim Benzema
88%
Luis Suárez Luis Suarez
88%
Luka Modric Luka Modric
88%
Ousmane Dembele Ousmane Dembele
88%
Rodri Rodri
88%
Lionel Messi Xavi
88%
Alfredo Di Stéfano Alfredo Di Stefano
81%
Andriy Shevchenko Andriy Shevchenko
81%
Bobby Charlton Bobby Charlton
81%
Denis Law Denis Law
81%
Eusébio Eusebio
81%
Franz Beckenbauer Franz Beckenbauer
81%
George Best George Best
81%
George Weah George Weah
81%
Gerd Müller Gerd Muller
81%
Gianni Rivera Gianni Rivera
81%
Jean-Pierre Papin Jean-Pierre Papin
81%
Johan Cruyff Johan Cruyff
81%
Josef Masopust Josef Masopust
81%
Kevin Keegan Karl-Heinz Rummenigge
81%
Kevin Keegan Kevin Keegan
81%
Lev Yashin Lev Yashin
81%
Lothar Matthäus Lothar Matthaus
81%
Luis Figo Luis Figo
81%
Cristiano Ronaldo Manuel Neuer
81%
Marco Van Basten Marco Van Basten
81%
Matthias Sammer Matthias Sammer
81%
Michael Owen Michael Owen
81%
Michel Platini Michel Platini
81%
Lionel Messi Neymar
81%
Omar Sívori Omar Sivori
81%
Pavel Nedved Pavel Nedved
81%
Rivaldo Rivaldo
81%
Ronaldinho Ronaldinho
81%
Ronaldo Nazario Ronaldo Nazario
81%
Ruud Gullit Ruud Gullit
81%
Stanley Matthews Stanley Matthews
81%
Zinedine Zidane Zinedine Zidane
81%
Allan Simonsen Allan Simonsen
75%
Lionel Messi Erling Haaland
75%
Flórián Albert Florian Albert
75%
Marco Van Basten Hristo Stoichkov
75%
Igor Belanov Igor Belanov
75%
Oleg Blokhin Oleg Blokhin
75%
Paolo Rossi Paolo Rossi
75%
Raymond Kopa Raymond Kopa
75%
Lionel Messi Robert Lewandowski
75%
Roberto Baggio Roberto Baggio
75%
Cristiano Ronaldo Antoine Griezmann
63%
Cristiano Ronaldo Franck Ribery
63%
Ronaldo Nazario Roberto Carlos
63%
Lionel Messi Virgil Van Dijk
63%
Hristo Stoichkov Paolo Maldini
50%
Cristiano Ronaldo Gianluigi Buffon
38%
Marco Van Basten Franco Baresi
31%
Michel Platini Jean Tigana
25%
Johan Cruyff Dino Zoff
19%
Michel Platini Preben Elkjær
19%
Lionel Messi Radamel Falcao
19%
Alfredo Di Stéfano John Charles
13%
Johan Cruyff Kazimierz Deyna
13%
Karl-Heinz Rummenigge Paul Breitner
13%
Karl-Heinz Rummenigge Bernd Schuster
6%
Franz Beckenbauer Rob Resenbrink
6%
No matching quizzes found
Score Distribution
Percent of People with Each Score
Percentile by Number Answered
Your Score History
You have not taken this quiz